000 01025nam a2200301Ia 4500
003 OSt
005 20221007125706.0
006 a|||||r|||| 00| 0
007 ta
008 221006b |||||||| |||| 00| 0 eng d
020 _a0470018658 (pbk)
_cRs.2476.10
024 _a76270
037 _b178/2006-07, 19/12/2006, Educational Book Agency (India)
_cTextbook
040 _aCDL
_cCDL
_beng
041 _2eng
_aeng
082 _aE1:218, P7;1 Carc
100 _aMuller Ulrich
_9444949
245 0 _aInorganic structural chemistry
250 _a2
260 _aChichester
_bJohn Wiley & Sons Ltd
_c2007
300 _ax, 268p.
_ccm.
490 _aInorganic chemistry: A wiley series of advanced textbooks
500 _aBibliographical references 249-225p.; Index 259-268p.
650 _a Inroganic chemistry
_9722327
650 _aChemistry
942 _hE1:218, P7;1 Carc
_cTB
_2CC
999 _c1215715
_d1215715